| 000 | 00482nam a2200205Ia 4500 | ||
|---|---|---|---|
| 008 | 170918s9999 xx 000 0 und d | ||
| 020 | _a439627478 | ||
| 050 | _bF247bi 2003 | ||
| 100 | _aFarshtey, Greg | ||
| 245 | _aLegends of Metru Nui / | ||
| 245 | _cby Greg Farshtey. | ||
| 260 | _aNew York : | ||
| 260 | _bScholastic, | ||
| 260 | _c2003 | ||
| 300 | _a133 pages : | ||
| 300 | _billustrations ; | ||
| 300 | _c19cm. | ||
| 300 | _eBionicle adventures ; | ||
| 440 | _a4 | ||
| 999 |
_c343490 _d343490 |
||